| 000 | 01013nam a22002177a 4500 | ||
|---|---|---|---|
| 999 |
_c2083 _d2083 |
||
| 003 | AR-CdUCM | ||
| 008 | 190301b ||||| |||| 00| 0 spa d | ||
| 040 |
_aMUNICIPALIDAD PROVINCIAL DEL CUSCO _cBIBLIOTECA MUNICIPAL DEL CUSCO |
||
| 082 |
_a123.5 / _bL95 |
||
| 100 |
_aLuckács, Georg _97536 |
||
| 245 | _aEl joven Hegel y los problemas de la sociedad capitalista / | ||
| 260 |
_aMéxico, D.F : _bEditorial Grijalbo S.A., _c1963. |
||
| 300 |
_a551 paginas ; _c22 cm. |
||
| 505 | _aEl periodo republicano del joven Hegel -- La crisis de las concepciones sociales de Hegel y los comienzos de su método dialéctico -- Fundamentación y defensa del idealismo objetivo -- La ruptura con Schelling y la fenomenología del espíritu -- El trabajo y el problema de la teleología ... | ||
| 650 |
_aCiencias sociales _91096 |
||
| 650 |
_aCiencias económicas _97537 |
||
| 650 |
_aHistoria general _92009 |
||
| 700 |
_aSacristan, Manuel (Traductor al español) _97538 |
||
| 942 |
_2ddc _cLIBROS |
||
| 945 |
_arum _d2019-03-01 |
||